ewige Tabelle der EM - Statistiken

Allgemein
  • Dieses Quiz wurde 806 mal gespielt
    715 seit der letzten Aktualisierung
  • Das Durchschnittsergebnis liegt bei 34 aus 38
Antwortstatistiken
Nr. Punkte Land % Korrekt
1 94 Deutschland
100%
4 75 Frankreich
99%
2 81 Italien
99%
3 78 Spanien
99%
7 58 England
98%
6 67 Portugal
98%
16 17 Schweiz
97%
5 68 Niederlande
96%
25 8 Österreich
96%
14 21 Russland
96%
10 35 Belgien
95%
12 28 Schweden
95%
9 36 Dänemark
94%
36 2 GUS ( Belarus, Armenien, Aserbaidschan, Georgien, Moldau, Ukraine)
93%
11 33 Kroatien
93%
8 40 Tschechien
93%
23 9 Ukraine
93%
28 8 Irland
92%
30 4 Norwegen
92%
19 13 Polen
92%
34 3 Finnland
91%
15 18 Griechenland
91%
29 7 Slowakei
91%
18 14 Türkei
91%
26 8 Schottland
90%
35 2 Slowenien
90%
22 10 Ungarn
90%
24 8 Island
86%
27 8 Rumänien
86%
17 16 Wales
85%
33 3 Albanien
84%
31 4 Bulgarien
81%
37 1 Lettland
76%
32 3 Nordirland
76%
38 0 Nordmazedonien
74%
21 11 Jugoslawien
70%
13 23 Sowjetunion / UdSSr
70%
20 12 Tschechoslowakei
47%
Keine übereinstimmenden Quizze gefunden
Verteilung der Resultate
Anzahl Personen mit jedem Resultat
Perzentil nach korrekt beantworteten Fragen
Ihre Resultats-Entwicklung
Sie haben dieses Quiz seit der letzten Aktualisierung nicht gespielt